=LDR 00000nam 2200000 4500 =001 NUTBA000000000002732 =005 20140626110310.0 =006 =007 =008 =020 ##$$a 978-979-18041-7-2 =035 ##$$a 0010-061400000000675 =082 ##$$a 2X5.1 =100 ##$$a SAMAR =245 ##$$a QUNTUM SEDEKAH =260 ##$$a SURAKARTA $b SHAFA $c 2009